000 01350nam0a2200325 i 4500
001 RU\NLR\BIBL_A\010922287
005 20241103021243.0
010 _a9785422411023
021 _aRU
_b2015-91804
_95658
035 _a(NLR Aleph) 010922287
090 _a10682091
_c10682091
100 _a20151209d2015 m y0rusy50 ca
101 1 _arus
_cfre
102 _aRU
105 _aa z 000yy
200 1 _aИзучение женщины
_eразмышления о девицах легкого поведения
_fКамиль Моклер
_gхудож. Лобель-Риша
_g[пер. с фр. О. Ивановой]
210 _aМосква
_cТерра
_cКнижный клуб Книговек
_d2015
215 _a219, [1] с., [20] л. ил.
_d18
225 1 _aМанон
606 1 _aЖенщины
_xСоциально-психологические исследования
_92111185
_3RU\NLR\AUTH\661275886
606 _aПроституция
_91984896
_3RU\NLR\AUTH\66910888
686 1 _aС550.535
686 1 _aС550.8
700 1 _7ca
_8rus
_aМоклер
_bК.
_f1872-1945
_gКамилл
_9157927
_3RU\NLR\AUTH\770157968
702 1 _4440
_7ca
_8rus
_aЛобель-Риш
_bА.
_f1877-1950
_gАлмери
_9160675
_3RU\NLR\AUTH\770160717
942 _cBOOK
980 _aSUPPRESS
980 _aNBR